Dragon Ball Z Characters in the Saiyan Saga - Statistics

General Stats
  • This quiz has been taken 1,991 times
  • The average score is 18 of 27
Answer Stats
Character % Correct
Goku
100%
Vegeta
99%
Gohan
97%
Nappa
95%
Piccolo
93%
Bulma
92%
Krillin
92%
Yamcha
91%
Tien Shinhan
90%
Raditz
89%
Chi-Chi
86%
Master Roshi
83%
Chiaotzu
65%
Kami
64%
King Kai
62%
Mr. Popo
56%
Oolong
56%
Saibamen
55%
Yajirobe
53%
Puar
52%
Ox-King
47%
Bubbles
39%
Turtle
38%
Korin
36%
Gregory
33%
Launch
28%
Fortuneteller Baba
19%
No matching quizzes found
Score Distribution
Percent of People with Each Score
Percentile by Number Answered
Your Score History
You have not taken this quiz